Mou-te per la Xarxa de Parcs Naturals [àlbum de cromos]
Descripción Física:
37 pàgines ; il. col. ; 27 cm
Idioma:
Catalán
MARC
| LEADER | 00000nrm a22000007a 4500 | ||
|---|---|---|---|
| 001 | 27749 | ||
| 003 | Arxiu | ||
| 005 | 20260324181514.0 | ||
| 008 | 230426b spa||||| |||| 00| 0 cat d | ||
| 017 | |a B 20917-2006 | ||
| 040 | |a agdb |b cat | ||
| 245 | |a Mou-te per la Xarxa de Parcs Naturals [àlbum de cromos] | ||
| 250 | |a Setena edició : |b abril 2006 | ||
| 260 | |a Barcelona : |b FUSIC ; |b Diputació de Barcelona ; |c 2006 | ||
| 300 | |a 37 pàgines ; |b il. col. ; |c 27 cm | ||
| 650 | 0 | |9 56296 |a Cromos |v Àlbums | |
| 650 | 0 | |9 54098 |a Objectes publicitaris | |
| 710 | |9 5000 |a TALP, Serveis d'Educació Ambiental | ||
| 710 | 1 | |9 7250 |a Barcelona (Catalunya : Província). |b Xarxa de Parcs Naturals | |
| 942 | |2 udc |c ARXIU |n 1 | ||
| 952 | |0 0 |1 0 |2 udc |4 0 |6 NBM1756 |7 1 |9 66190 |a Arxiu |b Arxiu |d 2023-04-26 |l 0 |o NBM-17-56 |p 27749 |r 2023-04-26 00:00:00 |w 2023-04-26 |y ARXIU | ||
| 999 | |c 83382 |d 83382 | ||